| 000 | 00500 a2200193 4500 | ||
|---|---|---|---|
| 003 | OSt | ||
| 005 | 20180116182906.0 | ||
| 008 | 160819b xxu||||| |||| 00| 0 eng d | ||
| 020 | _a0 | ||
| 040 | _c0 | ||
| 082 | _a343.730878 KAN 1999 | ||
| 100 | _aMajeed, Kwanar | ||
| 245 |
_aExport Guide _cKwanar Majeed |
||
| 260 |
_aKarachi _bInternational Business Publication _c1999 |
||
| 300 |
_a409+109 p. _bPB |
||
| 440 | _aExport Guide | ||
| 500 | _apapercover | ||
| 942 |
_aNBS _cBK _k343.730878 KAN _2ddc |
||
| 999 |
_c347973 _d347973 |
||